ბათუმის შოთა რუსთაველის სახელმწიფო უნივერსიტეტის ბიბლიოთეკა

თხზულება თავისუფალ თემაზე (ბიბ.ჩანაწერი № 43552)

000 -LEADER
fixed length control field 00762nam a2200217Ia 4500
001 - CONTROL NUMBER
control field 10283
003 - CONTROL NUMBER IDENTIFIER
control field GE_BSU
008 - FIXED-LENGTH DATA ELEMENTS--GENERAL INFORMATION
fixed length control field 181216s||||||||xx |||||||||||||| ||und||
040 ## - CATALOGING SOURCE
Transcribing agency GE_BSU
080 ## - UNIVERSAL DECIMAL CLASSIFICATION NUMBER
Universal Decimal Classification number 821.353.1–32
100 ## - MAIN ENTRY--PERSONAL NAME
Personal name სანადირაძე,გიორგი
245 ## - TITLE STATEMENT
Title თხზულება თავისუფალ თემაზე
245 ## - TITLE STATEMENT
Remainder of title მოთხრობები
245 ## - TITLE STATEMENT
Statement of responsibility, etc. რედ.რ.ართილაყვა.მხატვ.რ.სანადირაძე
260 ## - PUBLICATION, DISTRIBUTION, ETC.
Place of publication, distribution, etc. ბათუმი
260 ## - PUBLICATION, DISTRIBUTION, ETC.
Name of publisher, distributor, etc. საბჭოთა აჭარა
260 ## - PUBLICATION, DISTRIBUTION, ETC.
Date of publication, distribution, etc. 1970
300 ## - PHYSICAL DESCRIPTION
Extent 143გვ.16სმ.
653 ## - INDEX TERM--UNCONTROLLED
Uncontrolled term თხზულება თავისუფალ თემაზე
942 ## - ADDED ENTRY ELEMENTS (KOHA)
Koha item type წიგნი
ეგზემპლარები
Withdrawn status Lost status Damaged status Not for loan Date acquired Barcode Date last seen Price effective from Koha item type
        2018-12-17 33605 2018-12-17 2018-12-17 წიგნი
        2018-12-17 33606 2018-12-17 2018-12-17 წიგნი